Trece cachalotes o la dimensión poética de un país

Guardat en:
Dades bibliogràfiques
Autor principal: Balcells Eyquem, José Antonio (Autor)
Format: Llibre
Idioma:espanyol
Publicat: Valparaíso Ediciones Universitarias de Valparaíso 2009
Col·lecció:Arquitectura y Diseño
Matèries:
Etiquetes: Afegir etiqueta
Sense etiquetes, Sigues el primer a etiquetar aquest registre!

MARC

LEADER 00000nam a2200000 a 4500
001 UCG4325
003 CL-VaPUC
008 101021e20090000CL |||||||||||||||||spa|d
020 |a 9789561704435 
082 0 4 |a 861  |b BAL  |2 21 
100 0 |a Balcells Eyquem, José Antonio  |e author  |9 553677 
245 1 0 |a Trece cachalotes o la dimensión poética de un país 
300 |a 131 p 
942 |c BK 
945 |d 20101021 00:00:00  |a mfarfan 
260 |a Valparaíso  |b Ediciones Universitarias de Valparaíso  |c 2009 
650 0 |a Poesías chilenas   |9 265280 
650 0 |a Filosofía del arte  |9 264951 
650 0 |a Exposiciones  |9 265884 
650 0 |a Escultura  |9 265737 
583 |a last modification  |c 20101021 00:00:00  |k Rodrigo Vera 
490 0 |a Arquitectura y Diseño 
999 |c 343120  |d 343118 
952 |0 0  |1 0  |4 0  |6 861_000000000000000_BAL_2009  |7 0  |8 C  |9 440137  |a BIBCUR  |b BIBCUR  |d 2019-11-22  |i 4643348  |o 861 BAL 2009  |p 4643348  |r 2025-04-22  |w 2019-11-22  |y BK  |k CAC